Statistics for My favorite actresses and actors!

Click here to take the quiz!

General Stats

  • This quiz has been taken 24 times
  • The average score is 9 of 16

Answer Stats

Answer% Correct
Chris Hemsworth
90%
Jennifer Aniston
90%
Scarlett Johansson
86%
Ryan Reynolds
81%
Elizabeth olsen
76%
Brie Larson
67%
Peyton list
52%
Sebastian Stan
52%
Cole Sprouse
48%
Lili Reinhart
48%
Neve Campbell
48%
Florence Pugh
43%
Alyssa Milano
33%
Rose Mcgowan
33%
Skeet Ulrich
33%
Tanner Buchanan
14%

Score Distribution

Percentile by Number Answered

Percent of People with Each Score

Your Score History

You have not taken this quiz